| 000 | 00707cam a2200277 4500 | ||
|---|---|---|---|
| 001 | J54 | ||
| 008 | 090401t1990 xxu||||| |||| 00| 0 eng d | ||
| 035 | _a(Sirsi) u37878 | ||
| 041 | _aeng | ||
| 050 | _a333.33 | ||
| 110 |
_aBoard of Inland Revenue _bValuation Office _91068 |
||
| 245 | _aProperty market report - Issue 51 (Autumn 1990) | ||
| 260 |
_aLondon _bValuation Office _c1990 |
||
| 300 | _a72p. ; 30cm. | ||
| 350 | _a0 | ||
| 650 | _aCITY OF LONDON | ||
| 650 | _aENTERPRISE ZONES | ||
| 650 | _aFARM LAND | ||
| 650 | _aINDUSTRIAL PROPERTY | ||
| 650 | _aINVESTMENT | ||
| 650 | _aOFFICES | ||
| 650 |
_aRESIDENTIAL PROPERTY _96266 |
||
| 650 | _aSHOPS | ||
| 942 | _n0 | ||
| 948 | _c04/03/1997 | ||
| 999 |
_c90567 _d90567 |
||